Wine Regions of Southern Italy - Statistics

General Stats
  • This quiz has been taken 211 times
  • The average score is 4 of 6
Answers on the Map
Answers color-coded by a green-red scale on the quiz's map according to % correct below.
 
Answer Stats
Answer % Correct
Etna
91%
Salice Salentino
63%
Aglianico del Vulture
60%
Greco di Tufo
49%
Fiano di Avellino
44%
Taurasi
43%
No matching quizzes found
Score Distribution
Percent of People with Each Score
Percentile by Number Answered
Your Score History
You have not taken this quiz